Možnosti využitia niektorých netradičných charakteristík v analýze miezd

Analýza a obraz o typickej mesačnej mzde pracovníka veľkej firmy v SR v prvom polroku 2009.

Salvato in:
Dettagli Bibliografici
Autore principale: Terek, Milan
Altri autori: Nguyen Dinh, He
Natura: Capitolo di libro
Lingua:slovacco
Soggetti:
Tags: Aggiungi Tag
Nessun Tag, puoi essere il primo ad aggiungerne!!

MARC

LEADER 00000naa a2200000 4500
001 0136464
005 20240502072528.8
041 0 |a slo 
044 |a SK 
245 1 0 |a Možnosti využitia niektorých netradičných charakteristík v analýze miezd  |c Milan Terek, Dinh He Nguyen 
520 |a Analýza a obraz o typickej mesačnej mzde pracovníka veľkej firmy v SR v prvom polroku 2009. 
610 2 0 |a analýza ekonometrická 
610 2 0 |a mzdy 
610 2 0 |a firmy 
610 2 0 |a Slovensko 
100 1 |a Terek, Milan 
700 1 |a Nguyen Dinh, He